Practicarum observationum siue decissionum Supremi Senatus Regni Lusitaniae (Registro nro. 74136)
[ vista simple ]
| 000 -ENCABEZADO | |
|---|---|
| Número de control [NR] | 01735nam a2200301Ia 4500 |
| 008 - DE LONGITUD FIJA DE DATOS DE ELEMENTOS - INFORMACIÓN GENERAL | |
| Elementos de longitud fija [NR] | 130821s1620 be a gr lat |
| 040 ## - FUENTE DE CATALOGACION [NR] | |
| Agencia de catalogación original [NR] | Co-BoUCM |
| Idioma de catalogación [NR] | spa |
| 041 0# - CODIGO DE IDIOMA [R] | |
| Código de idioma para texto/pista de sonido o título separado [R] | Latín |
| 092 ## - SIGNATURA TOPOGRAFICA LOCAL | |
| Número de clasificación local | E11N059 |
| 100 1# - ASIENTO PRINCIPAL--NOMBRE PERSONAL [NR] | |
| Nombre personal [NR] | Cabedo, Jorge de, |
| 245 10 - MENCION DE TITULO [NR] | |
| Título [NR] | Practicarum observationum siue decissionum Supremi Senatus Regni Lusitaniae |
| Mención de responsabilidad, etc. [NR] | authore Georgio de Cabedo |
| 246 13 - FORMA VARIANTE DEL TITULO [R] | |
| Título propiamente dicho/forma breve del título [NR] | [Primera y segunda parte sobre las sentencias y consideraciones prácticas del Consejo Supremo del Reino de Portugal] |
| 260 ## - PUBLICACION, DISTRIBUCION, ETC. (PIE DE IMPRENTA) [R] | |
| Lugar de publicación, distribución, etc. [R] | Antuerpia (Bélgica) |
| Nombre del editor, distribuidor, etc. [R] | Apud Ioannem Keerbergium [Juan Keerberger] |
| Fecha de publicación, distribución, etc. [R] | 1620 |
| 300 ## - DESCRIPCION FISICA [R] | |
| Extensión [R] | 2 t en 1 v. (230, [34] ; 234, [42] páginas). |
| Otros detalles físicos [NR] | ilustraciones |
| 500 ## - NOTA GENERAL [R] | |
| Nota general [NR] | Detalles físicos: Encuadernación en pergamino en relativo buen estado de conservación. Sin guardas delanteras. Conserva la portada pegada, impresa en un sólo color, con un grabado y el emblema del impresor (entre dos cornucopias, una cabeza de A |
| 504 ## - NOTA DE BIBLIOGRAFIA, ETC. [R] | |
| Nota de bibliografía, etc. [NR] | |
| 505 0# - NOTA DE CONTENIDO CON FORMATO PREESTABLECIDO [R] | |
| Nota de contenido con formato preestablecido [NR] | (Extraído de la portada). V.1: Doscientas catorce sentencias y dictámenes. V. 2: Ciento veinte sentencias y dictámenes, sobre los más variados temas de ambos derechos: temas de jurisdicción, de regalías, de juramentos, de prendas, de últimas vol |
| 506 ## - NOTA DE RESTRICCIONES DE ACCESO [R] | |
| Condiciones de acceso [NR] | Consulta en sala. |
| 546 ## - NOTA DE IDIOMA [R] | |
| Nota de idioma [NR] | Texto en latín y portugués. |
| 650 ## - ASIENTO SECUNDARIO DE MATERIA - TERMINO TEMATICO [R] | |
| Término temático o nombre geográfico como elemento de entrada [NR] | Derecho civil |
| Subdivisión geográfica [R] | Portugal |
| Subdivisión general [R] | Obras anteriores a 1700 |
| 9 (RLIN) | 12711 |
| 650 ## - ASIENTO SECUNDARIO DE MATERIA - TERMINO TEMATICO [R] | |
| Término temático o nombre geográfico como elemento de entrada [NR] | Derecho eclesiástico |
| Subdivisión geográfica [R] | Portugal |
| Subdivisión general [R] | Obras anteriores a 1700 |
| 9 (RLIN) | 12757 |
| 650 ## - ASIENTO SECUNDARIO DE MATERIA - TERMINO TEMATICO [R] | |
| Término temático o nombre geográfico como elemento de entrada [NR] | Derecho penal |
| Subdivisión geográfica [R] | Portugal |
| Subdivisión general [R] | Obras anteriores a 1700 |
| 9 (RLIN) | 12805 |
| 650 ## - ASIENTO SECUNDARIO DE MATERIA - TERMINO TEMATICO [R] | |
| Término temático o nombre geográfico como elemento de entrada [NR] | Derecho |
| 9 (RLIN) | 7494 |
| 651 ## - ASIENTO SECUNDARIO DE MATERIA - NOMBRE GEOGRAFICO [R] | |
| Nombre geográfico [NR] | Portugal |
| Subdivisión general [R] | Legislación |
| -- | Obras anteriores a 1700 |
| 9 (RLIN) | 27238 |
| 700 1# - ASIENTO SECUNDARIO - NOMBRE PERSONAL [R] | |
| Nombre personal [NR] | Keerberger, Juan |
| Término de relación [R] | |
| 942 ## - ELEMENTOS DE ENTRADA AGREGADOS (KOHA) | |
| Tipo de ítem principal el descrito en 300a | Libro |
| Tema principal | Derecho |
| Edición | 1 |
| Sistema de clasificación | DEWEY |
| Clasificación | 340.56 |
| Total préstamos | Código de barras | Última vez visto | Volúmen / Fascículo | Ejemplar | Price effective from | Tipo de ítem | Perdido | Sistema de clasificación | Dañado | No prestable | Tipo de ítem específico | Suprimido | Ubicación habitual | Ubicación actual | Localización | Fecha de creación | Forma de adquisición | Costo |
|---|---|---|---|---|---|---|---|---|---|---|---|---|---|---|---|---|---|---|
| L001757 | 15/12/2012 | E11N059 V.1-2 | Ej.1 | 03/02/2013 | Libro | DEWEY | Libro archivo | Archivo Histórico | Archivo histórico | 28/02/2014 | Donación | 0.00 |